书目信息 |
| 题名: |
重温四时八节
|
|
| 作者: | 马芳 主编 ;马丙 绘 | |
| 分册: | 重阳 | |
| 出版信息: | 长沙 湖南美术出版社 2022 |
|
| 页数: | 91页 | |
| 开本: | 24cm | |
| 丛书名: | ||
| 单 册: | ||
| 中图分类: | P462-49 , K892.1 | |
| 科图分类: | ||
| 主题词: | 二十四节气--中国--古代--普及读物 , 风俗习惯 | |
| 电子资源: | ||
| ISBN: | 978-7-5356-8533-9 | |
| 000 | 00773nam0 2200253 450 | |
| 001 | 2341095081 | |
| 005 | 20231230154739.63 | |
| 010 | @a978-7-5356-8533-9@dCNY 29.80 | |
| 100 | @a20221014d2022 em y0chiy0110 ea | |
| 101 | 0 | @achi |
| 102 | @aCN@b430000 | |
| 105 | @aa z 000yy | |
| 200 | 1 | @a重温四时八节@Achong wen si shi ba jie@i重阳@b专著@f马芳主编@g马丙绘 |
| 210 | @a长沙@c湖南美术出版社@d2022 | |
| 215 | @a91页@c彩图@d24cm | |
| 330 | @a本书介绍了重阳、寒衣节、寒露、下元节、霜降、冬至、大寒、腊八等节气习俗。 | |
| 606 | 0 | @a二十四节气@y中国@z古代@j普及读物 |
| 606 | 0 | @a风俗习惯 |
| 690 | @aP462-49@v5 | |
| 690 | @aK892.1@v4 | |
| 701 | 0 | @a马芳@Ama fang@4主编 |
| 702 | 0 | @a马丙@Ama bing@4绘 |
| 801 | 2 | @aCN@b辽宁北配@c20231205 |
| 905 | @aBZT@dK892.1@e44:4 | |
| 重温四时八节.重阳/马芳主编/马丙绘.-长沙:湖南美术出版社,2022 |
| 91页:彩图;24cm |
| ISBN 978-7-5356-8533-9:CNY 29.80 |
| 本书介绍了重阳、寒衣节、寒露、下元节、霜降、冬至、大寒、腊八等节气习俗。 |
| ● |
| 相关链接 |
|
|
|
正题名:重温四时八节
索取号:K892.1/44:4
 
预约/预借
| 序号 | 登录号 | 条形码 | 馆藏地/架位号 | 状态 | 备注 |
| 1 | 2001722302 | 2001722302 | 辽三/辽宁北配(第三批)/4309/ [索取号:K892.1/44:4] | 在馆 | |
| 2 | 2001722303 | 2001722303 | 辽三/辽宁北配(第三批)/4309/ [索取号:K892.1/44:4] | 在馆 | |
| 3 | 2001722304 | 2001722304 | 辽三/辽宁北配(第三批)/4309/ [索取号:K892.1/44:4] | 在馆 | |
| 4 | 2001722305 | 2001722305 | 辽三/辽宁北配(第三批)/4309/ [索取号:K892.1/44:4] | 在馆 | |
| 5 | 2001722306 | 2001722306 | 辽三/辽宁北配(第三批)/4309/ [索取号:K892.1/44:4] | 在馆 | |
| 6 | 2001722307 | 2001722307 | 辽三/辽宁北配(第三批)/4309/ [索取号:K892.1/44:4] | 在馆 | |
| 7 | 2001722308 | 2001722308 | 辽三/辽宁北配(第三批)/4309/ [索取号:K892.1/44:4] | 在馆 | |
| 8 | 2001722309 | 2001722309 | 辽三/辽宁北配(第三批)/4309/ [索取号:K892.1/44:4] | 在馆 | |
| 9 | 2001722310 | 2001722310 | 辽三/辽宁北配(第三批)/4309/ [索取号:K892.1/44:4] | 在馆 | |
| 10 | 2001722311 | 2001722311 | 辽三/辽宁北配(第三批)/4309/ [索取号:K892.1/44:4] | 在馆 | |
| 11 | 2001722312 | 2001722312 | 辽三/辽宁北配(第三批)/4309/ [索取号:K892.1/44:4] | 在馆 | |
| 12 | 2001722313 | 2001722313 | 辽三/辽宁北配(第三批)/4309/ [索取号:K892.1/44:4] | 在馆 | |
| 13 | 2001722314 | 2001722314 | 辽三/辽宁北配(第三批)/4309/ [索取号:K892.1/44:4] | 在馆 | |
| 14 | 2001722315 | 2001722315 | 辽三/辽宁北配(第三批)/4309/ [索取号:K892.1/44:4] | 在馆 | |
| 15 | 2001722316 | 2001722316 | 辽三/辽宁北配(第三批)/4309/ [索取号:K892.1/44:4] | 在馆 | |
| 16 | 2001722317 | 2001722317 | 辽三/辽宁北配(第三批)/4309/ [索取号:K892.1/44:4] | 在馆 | |
| 17 | 2001722318 | 2001722318 | 辽三/辽宁北配(第三批)/4309/ [索取号:K892.1/44:4] | 在馆 | |
| 18 | 2001722319 | 2001722319 | 辽三/辽宁北配(第三批)/4309/ [索取号:K892.1/44:4] | 在馆 | |
| 19 | 2001722320 | 2001722320 | 辽三/辽宁北配(第三批)/4309/ [索取号:K892.1/44:4] | 在馆 | |
| 20 | 2001722321 | 2001722321 | 辽三/辽宁北配(第三批)/4309/ [索取号:K892.1/44:4] | 在馆 | |
| 21 | 2001722322 | 2001722322 | 辽三/辽宁北配(第三批)/4309/ [索取号:K892.1/44:4] | 在馆 | |
| 22 | 2001722323 | 2001722323 | 辽三/辽宁北配(第三批)/4309/ [索取号:K892.1/44:4] | 在馆 | |
| 23 | 2001722324 | 2001722324 | 辽三/辽宁北配(第三批)/4309/ [索取号:K892.1/44:4] | 在馆 | |
| 24 | 2001722325 | 2001722325 | 辽三/辽宁北配(第三批)/4309/ [索取号:K892.1/44:4] | 在馆 | |
| 25 | 2001722326 | 2001722326 | 辽三/辽宁北配(第三批)/4309/ [索取号:K892.1/44:4] | 在馆 | |
| 26 | 2001722327 | 2001722327 | 辽三/辽宁北配(第三批)/4309/ [索取号:K892.1/44:4] | 在馆 | |
| 27 | 2001722328 | 2001722328 | 辽三/辽宁北配(第三批)/4309/ [索取号:K892.1/44:4] | 在馆 | |
| 28 | 2001722329 | 2001722329 | 辽三/辽宁北配(第三批)/4309/ [索取号:K892.1/44:4] | 在馆 | |
| 29 | 2001722330 | 2001722330 | 辽三/辽宁北配(第三批)/4309/ [索取号:K892.1/44:4] | 在馆 | |
| 30 | 2001722331 | 2001722331 | 辽三/辽宁北配(第三批)/4309/ [索取号:K892.1/44:4] | 在馆 |